| 000 | 01773cam a22002653a 4500 | ||
|---|---|---|---|
| 001 | 8533 | ||
| 003 | PGUSA | ||
| 005 | 20140828083201.0 | ||
| 008 | 050701s2005||||xxu|||||s|||||000 p eng d | ||
| 040 |
_aPGUSA _beng |
||
| 042 | _adc | ||
| 050 | 4 | _aPR | |
| 100 | 1 |
_aColeridge, Samuel Taylor, _d1772-1834 |
|
| 245 | 1 | 4 |
_aThe Literary Remains of Samuel Taylor Coleridge, Volume 2 _h[electronic resource] / _cSamuel Taylor Coleridge |
| 260 |
_bProject Gutenberg, _c2005 |
||
| 505 | 0 | _aShakspeare, with introductory matter on poetry, the drama, and the stage -- Notes on Ben Jonson -- Beaumont and Fletcher -- On the Prometheus of Aeschylus -- Note on Chalmer's Life of Daniel -- Bishop Corbet -- Notes on Selden's Table Talk -- Note on theological lectures of Benjamin Wheeler, D. D. -- Note on a sermon on the prevalence of infidelity and enthusiasm, by Walter Birch, B.D. -- Fenelon on charity -- Change of the climates -- Wonderfulness of prose -- Notes on Tom Jones -- Jonathan Wild -- Barry Cornwall -- The primitive Christian's address to the cross -- Fuller's holy state -- Fuller's profane state -- Fuller's appeal of injured innocence -- Fuller's church history -- Asgill's argument -- Introduction to Asgill's defence upon his expulsion from the House of Commons -- Notes on Sir Thomas Browne's Religio Medici -- Notes on Sir Thomas Browne's Garden of Cyrus -- Notes on Sir Thomas Browne's Vulgar errors. | |
| 506 | _aPublic domain in the USA. | ||
| 516 | _aElectronic text | ||
| 653 | _aLiterature -- History and criticism | ||
| 653 | _aShakespeare, William, 1564-1616 -- Criticism and interpretation | ||
| 700 | 1 |
_aColeridge, Henry Nelson, _d1798-1843 |
|
| 830 | 0 |
_aProject Gutenberg _v8533 |
|
| 856 | 4 | 0 | _uhttp://www.gutenberg.org/ebooks/8533 |
| 942 | _cEB | ||
| 999 |
_c237833 _d237833 |
||